000 00208nam a22000857a 4500
001 1235283
005 20250930120922.0
245 _aAVAYİP YARATIKLAR
_cCHARLES OGDEN
260 _bGÜNIŞIĞI KİTAPLIĞI YAYINLARI
999 _c1235283
_d1235283